Simultánne stanovenie fosforu a medi pomocou AAS s priamym dávkovaním tuhých vzoriek do elektrotermického atomizátora
Na minha lista:
| Autor principal: | |
|---|---|
| Outros Autores: | |
| Formato: | Manuscrito Livro |
| Idioma: | eslovaco |
| Publicado em: |
2025
|
| Assuntos: | |
| Acesso em linha: | http://is.stuba.sk/zp/portal_zp.pl?podrobnosti=183355 |
| Tags: |
Sem tags, seja o primeiro a adicionar uma tag!
|
MARC
| LEADER | 00000ntm a22000003a 4500 | ||
|---|---|---|---|
| 001 | stuzp105343 | ||
| 003 | SK-STU | ||
| 005 | 20250607211436.7 | ||
| 007 | ta | ||
| 008 | 150427s2015----xo-----f-mn---000-0-slo-d | ||
| 040 | |a STU |b slo | ||
| 041 | 0 | |a slo | |
| 100 | 1 | |a Kudry, Andrej |u 041000 |4 aut |U FCHPT Fakulta chemickej a potravinárskej technológie |T FCHPT Ústav analytickej chémie |X 110530 |U C1000 |Y 99 |7 110530 | |
| 242 | 0 | 1 | |a Simultaneous Determination of Phosphorus and Copper by Direct Solid Sampling Electrothermical AAS |y eng |
| 245 | 1 | 0 | |a Simultánne stanovenie fosforu a medi pomocou AAS s priamym dávkovaním tuhých vzoriek do elektrotermického atomizátora |
| 260 | |c 2025 | ||
| 650 | 4 | |a solid sampling |2 eng | |
| 650 | 4 | |a protein powders |2 eng | |
| 650 | 4 | |a AAS |2 eng | |
| 650 | 4 | |a tuhé dávkovanie |2 slo | |
| 650 | 4 | |a AAS |2 slo | |
| 650 | 4 | |a proteínové prášky |2 slo | |
| 700 | 1 | |a Čacho, František |u 041000 |k Z1 |4 ths |U FCHPT Fakulta chemickej a potravinárskej technológie |T FCHPT Ústav analytickej chémie |X 19738 |U C1000 |Y 99 |7 A0000019738 | |
| 856 | 4 | |u http://is.stuba.sk/zp/portal_zp.pl?podrobnosti=183355 | |